Isrāʼīl wa-ʻaqīdat al-arḍ al-mawʻūdah, (Record no. 50104)

MARC details
000 -LEADER
fixed length control field 00691cam a22002411 4500
001 - CONTROL NUMBER
control field ne 68000612
003 - CONTROL NUMBER IDENTIFIER
control field DLC
005 - DATE AND TIME OF LATEST TRANSACTION
control field 20260227111838.0
008 - FIXED-LENGTH DATA ELEMENTS--GENERAL INFORMATION
fixed length control field 860127s1967 ua b 000 0 ara c
010 ## - LIBRARY OF CONGRESS CONTROL NUMBER
LC control number ne 68000612
035 ## - SYSTEM CONTROL NUMBER
System control number (OCoLC)13067212
040 ## - CATALOGING SOURCE
Original cataloging agency Princeton Univ. Libr.
Transcribing agency TxU
Modifying agency TxU
-- DLC
042 ## - AUTHENTICATION CODE
Authentication code premarc
050 00 - LIBRARY OF CONGRESS CALL NUMBER
Classification number BS649.J5
Item number S33
100 1# - MAIN ENTRY--PERSONAL NAME
Personal name Saqqāf, Abkār.
245 10 - TITLE STATEMENT
Title Isrāʼīl wa-ʻaqīdat al-arḍ al-mawʻūdah,
Statement of responsibility, etc. [taʼlīf] Abkār Saqqāf.
250 ## - EDITION STATEMENT
Edition statement [al-Ṭabʻah 1]
260 ## - PUBLICATION, DISTRIBUTION, ETC.
Place of publication, distribution, etc. al-Qāhirah,
Name of publisher, distributor, etc. ʻĀlam al-Kutub
Date of publication, distribution, etc. [1967]
300 ## - PHYSICAL DESCRIPTION
Extent 499, [5] p.
Dimensions 24 cm.
504 ## - BIBLIOGRAPHY, ETC. NOTE
Bibliography, etc. note Bibliography: p. [501]-[502]
651 #0 - SUBJECT ADDED ENTRY--GEOGRAPHIC NAME
Geographic name Israel.
651 #0 - SUBJECT ADDED ENTRY--GEOGRAPHIC NAME
Geographic name Palestine.

No items available.

Powered by Koha